000 00678nam a2200253Ia 4500
003 OSt
005 20221006160850.0
006 a|||||r|||| 00| 0
007 ta
008 221006b |||||||| |||| 00| 0 eng d
020 _a0262070766
024 _a46,654
037 _cTextual
040 _aEASL
_cEASL
_beng
041 _2eng
_aeng
082 _aZ42(G:55), M1
100 _aGRESSER Julian and others Au.
_9675295
245 0 _aEnvironmental law in Japan.
260 _aCambridge
_bThe MIT Press
_c1981
300 _a525p.
_ccm.
490 _v JEL
942 _hZ42(G:55), M1
_cTEXL
_2CC
999 _c1114744
_d1114744